| 000 | 00430 a2200157 4500 | ||
|---|---|---|---|
| 020 | _a9812140581 | ||
| 082 | _a005.133 | ||
| 090 |
_c7033 _d7033 |
||
| 100 | _aKanetkar, Yashavant P. | ||
| 245 |
_aC++.NET fundas _cYashavant P.Kanetkar |
||
| 260 |
_aSingapore _bTech Publications _c2002 |
||
| 300 | _a222 p. | ||
| 650 | _aC++ (Computer program language)--Microsoft .NET | ||
| 700 | _aYashavant P.Kanetkar | ||
| 942 |
_cBK _k005.133 KAN |
||
| 999 |
_c10842 _d10842 |
||